History is all you left me

Secrets are revealed as OCD-afflicted Griffin grieves for his first love, Theo, who died in a drowning accident

Bibliographic Details
Main Author: Silvera, Adam , 1990- (Author)
Format: Book
Language:English
Published: New York : Soho Teen c2017
Subjects:

MARC

LEADER 00000cam a2200000 7i4500
001 0000093021
005 20200315093000.0
008 170620s2017 nyu eng
020 |a 9781616956936 
020 |a 9781616958381 
040 |a UniSZA   |e rda 
050 0 0 |a PZ7.1.S54   |b H57 2017 
090 0 0 |a PZ7.1.S54   |b H57 2017 
100 1 |a Silvera, Adam ,   |d 1990- ,   |e author 
245 1 0 |a History is all you left me   |c Adam Silvera 
264 1 |a New York :   |b Soho Teen   |c c2017 
300 |a 294pages :   |b illustration ;   |c 22 cm. 
336 |a text  |2 rdacontent 
337 |a unmediated  |2 rdamedia 
338 |a volume  |2 rdacarrier 
520 |a Secrets are revealed as OCD-afflicted Griffin grieves for his first love, Theo, who died in a drowning accident 
650 0 |a Gays   |v Juvenile fiction 
650 0 |a Grief   |v Fiction 
650 0 |a Grief   |v Juvenile fiction 
650 0 |a Love   |v Fiction 
650 0 |a Obsessive-compulsive disorder   |v Juvenile fiction 
999 |a 1000171400   |b Book   |c OPEN SHELF (30 DAYS)   |e Gong Badak Campus